[Event "RUS-ch Higher League (Women) 73rd"]
[Site "Novokuznetsk"]
[Date "2023.07.01"]
[Round "5"]
[White "Ovod, Evgenija"]
[Black "Gritsayeva, Oksana"]
[Result "1/2-1/2"]
[WhiteElo "2299"]
[BlackElo "2183"]
[PlyCount "72"]
[EventDate "2023.06.26"]
[EventType "swiss"]
[EventRounds "9"]
[EventCountry "RUS"]
[SourceTitle "EXT 2024"]
[Source "ChessBase"]
[SourceDate "2023.10.10"]
[SourceVersion "1"]
[SourceVersionDate "2023.10.10"]
[SourceQuality "1"]

1. e4 c6 2. Nf3 d5 3. d3 dxe4 4. dxe4 Qxd1+ 5. Kxd1 Bg4 6. Be2 Bxf3 7. Bxf3 Nd7 8. g3 g6 9. Bg2 Bh6 10. Nd2 0-0-0 11. Ke2 Ngf6 12. a4 Nc5 13. f3 Rd4 14. b3 Rhd8 15. Nc4 Bxc1 16. Rhxc1 b5 17. axb5 cxb5 18. Bh3+ Kb7 19. Ne5 Rd2+ 20. Ke3 Rxh2 21. Bf1 a6 22. Nxf7 Rdd2 23. b4 Ne6 24. Bd3 Nh5 25. Rg1 Rdg2 26. Rxg2 Rxg2 27. g4 Nhf4 28. Nd8+ Nxd8 29. Kxf4 Nc6 30. c3 e5+ 31. Ke3 Rh2 32. Be2 h6 33. Rd1 Kc7 34. Ra1 Kb6 35. Rd1 Kc7 36. Ra1 Kb6 1/2-1/2

[Event "Cheliabinsk Lozovatsky Memorial-B"]
[Site "Cheliabinsk"]
[Date "2023.01.31"]
[Round "5"]
[White "Gritsayeva, Oksana"]
[Black "Benderac, Ana"]
[Result "1/2-1/2"]
[WhiteElo "2263"]
[BlackElo "2141"]
[PlyCount "130"]
[EventDate "2023.01.27"]
[EventType "swiss"]
[EventRounds "10"]
[EventCountry "RUS"]
[SourceTitle "CBM 212 Extra"]
[Source "ChessBase"]
[SourceDate "2023.03.31"]
[SourceVersion "1"]
[SourceVersionDate "2023.03.31"]
[SourceQuality "1"]

1. e4 c6 2. Nc3 d5 3. Nf3 dxe4 4. Nxe4 Nf6 5. Qe2 Nxe4 6. Qxe4 Qd5 7. Qf4 Qd6 8. Qg3 Bf5 9. b3 Nd7 10. Bb2 Qxg3 11. hxg3 Rd8 12. 0-0-0 Nf6 13. Nd4 Bg6 14. f3 e5 15. Re1 Bd6 16. g4 0-0 17. Nf5 Bxf5 18. gxf5 Rfe8 19. Bd3 Nd5 20. Be4 Bc7 21. Rh2 f6 22. Reh1 h6 23. g3 Rd7 24. a3 Red8 25. c3 Nb6 26. Kc2 Nc8 27. Bc1 Kf8 28. d3 Nd6 29. g4 Kf7 30. Rf1 Nxe4 31. dxe4 Bb6 32. a4 Rd3 33. Rd2 Rxd2+ 34. Bxd2 Rh8 35. Rh1 Rd8 36. Ra1 Bf2 37. Rf1 Bb6 38. Re1 Rh8 39. Rh1 Rd8 40. b4 Bf2 41. Rf1 Bb6 42. a5 Bc7 43. Be3 a6 44. Bc5 Rd7 45. Rb1 Bd8 46. Be3 Be7 47. Kb3 g5 48. fxg6+ Kxg6 49. Rh1 Bf8 50. Kc2 Rd8 51. Bd2 Rd7 52. Rh2 Rc7 53. c4 Rh7 54. Rh5 Rd7 55. Bc3 Rh7 56. Kd3 Rd7+ 57. Ke2 Rh7 58. Bd2 Rd7 59. Rh1 Rh7 60. b5 cxb5 61. cxb5 axb5 62. Rb1 b4 63. Bxb4 Bxb4 64. Rxb4 Kg5 65. Kf2 h5 1/2-1/2

[Event "Cheliabinsk Lozovatsky Memorial-B"]
[Site "Cheliabinsk"]
[Date "2023.01.28"]
[Round "2"]
[White "Yurasova, Daria"]
[Black "Gritsayeva, Oksana"]
[Result "0-1"]
[WhiteElo "2032"]
[BlackElo "2263"]
[PlyCount "58"]
[EventDate "2023.01.27"]
[EventType "swiss"]
[EventRounds "10"]
[EventCountry "RUS"]
[SourceTitle "CBM 212 Extra"]
[Source "ChessBase"]
[SourceDate "2023.03.31"]
[SourceVersion "1"]
[SourceVersionDate "2023.03.31"]
[SourceQuality "1"]

1. d4 Nf6 2. Bg5 d5 3. Bxf6 gxf6 4. g3 c5 5. dxc5 e6 6. Bg2 Bxc5 7. Nf3 Bd7 8. 0-0 Bc6 9. Nd4 Qb6 10. Nxc6 Nxc6 11. c4 dxc4 12. Na3 Bxa3 13. bxa3 0-0 14. Rb1 Qc5 15. e3 Ne5 16. Qh5 Rac8 17. Be4 f5 18. Bxb7 Rc7 19. Bg2 f6 20. Qe2 Rd8 21. e4 c3 22. exf5 c2 23. Rbc1 exf5 24. h4 Nd3 25. Qe6+ Kg7 26. h5 Nxc1 27. h6+ Kg6 28. g4 Qe5 29. gxf5+ Kxh6 0-1

[Event "RUS-chT Rapid (Women)"]
[Site "Sochi"]
[Date "2022.10.19"]
[Round "7.8"]
[White "Gritsayeva, Oksana"]
[Black "Borisova, Ekaterina"]
[Result "1/2-1/2"]
[WhiteElo "2292"]
[BlackElo "2234"]
[PlyCount "137"]
[EventDate "2022.10.18"]
[EventType "team-swiss (rapid)"]
[EventRounds "9"]
[EventCountry "RUS"]
[SourceTitle "CBM 210 Extra"]
[Source "ChessBase"]
[SourceDate "2022.11.30"]
[SourceVersion "1"]
[SourceVersionDate "2022.11.30"]
[SourceQuality "1"]
[WhiteTeam "Krym Kimmeriya (W)"]
[BlackTeam "Moscow ShSM (W)"]
[WhiteTeamCountry "RUS"]
[BlackTeamCountry "RUS"]

1. e4 e5 2. Nf3 Nc6 3. Nc3 g6 4. Bc4 Bg7 5. h4 h6 6. h5 g5 7. d3 Nge7 8. a3 d6 9. Bxg5 hxg5 10. Nxg5 Rf8 11. h6 Bh8 12. Qh5 Ng6 13. g3 Nd4 14. 0-0-0 b5 15. Nxb5 Nxb5 16. Bxb5+ Bd7 17. Bc4 Qe7 18. Rhf1 0-0-0 19. Nxf7 Rxf7 20. Qxg6 Rf6 21. Qh5 Qh7 22. Qe2 Qxh6+ 23. Kb1 Rdf8 24. Rh1 Qg5 25. Rdf1 Bg7 26. Qe1 Kd8 27. Qa5 Rxf2 28. Rxf2 Rxf2 29. Qxa7 Qd2 30. Qb8+ Ke7 31. Rh7 Kf6 32. Qd8+ Kg6 33. Rxg7+ Kxg7 34. Qxd7+ Kh6 35. Bb3 Rf1+ 36. Ka2 Qc1 37. Qh3+ Kg7 38. Qd7+ Kh6 39. Qh3+ Kg7 40. Qg4+ Kh6 41. Qh4+ Kg7 42. Be6 Qxc2 43. Qg5+ Kf8 44. Bc4 Qb1+ 45. Kb3 Qd1+ 46. Kb4 Qe1+ 47. Kb5 Qf2 48. Qd8+ Kg7 49. Qxc7+ Kh8 50. Qd8+ Kg7 51. Qg5+ Kf8 52. Qg8+ Ke7 53. Qe6+ Kf8 54. Qxd6+ Kg7 55. Qxe5+ Kf8 56. Qh8+ Ke7 57. Qg7+ Ke8 58. Be6 Rc1 59. Qd7+ Kf8 60. Qd8+ Kg7 61. Qg5+ Kf8 62. Qxc1 Qxg3 63. Qc5+ Ke8 64. Qc8+ Ke7 65. Qd7+ Kf6 66. Qf7+ Ke5 67. Qc7+ Kd4 68. Qc3+ Ke3 69. d4+ 1/2-1/2

[Event "RUS-chT Rapid (Women)"]
[Site "Sochi"]
[Date "2022.10.18"]
[Round "4.12"]
[White "Charochkina, Daria"]
[Black "Gritsayeva, Oksana"]
[Result "1/2-1/2"]
[WhiteElo "2344"]
[BlackElo "2292"]
[PlyCount "119"]
[EventDate "2022.10.18"]
[EventType "team-swiss (rapid)"]
[EventRounds "9"]
[EventCountry "RUS"]
[SourceTitle "CBM 210 Extra"]
[Source "ChessBase"]
[SourceDate "2022.11.30"]
[SourceVersion "1"]
[SourceVersionDate "2022.11.30"]
[SourceQuality "1"]
[WhiteTeam "Cheliabinsk Yuzhnyy Ural (W)"]
[BlackTeam "Krym Kimmeriya (W)"]
[WhiteTeamCountry "RUS"]
[BlackTeamCountry "RUS"]

1. d4 g6 2. e4 Bg7 3. Nc3 d5 4. Nxd5 c6 5. Ne3 Qxd4 6. Qxd4 Bxd4 7. c3 Bg7 8. a4 Nd7 9. Nf3 Nc5 10. Nd2 Be6 11. Bc4 Bxc4 12. Nexc4 Nf6 13. f3 Bh6 14. Ke2 Nh5 15. g3 0-0-0 16. b4 Nd3 17. Ra2 f5 18. Ba3 Bg7 19. Rc2 Ne5 20. Nxe5 Bxe5 21. Rg1 Nf6 22. Nc4 Bc7 23. e5 Nd5 24. a5 b5 25. axb6 axb6 26. Re1 b5 27. Na5 Bxa5 28. bxa5 Kd7 29. c4 bxc4 30. Rxc4 Ra8 31. e6+ Kxe6 32. Rxc6+ Kd7 33. Rc5 e6 34. Rb1 Rhb8 35. Rxb8 Rxb8 36. a6 Ra8 37. Ra5 Kc6 38. Bc5 Nc7 39. a7 h5 40. Be3 Re8 41. Bd4 Kb7 42. f4 h4 43. Ra2 Rd8 44. Bf6 Ra8 45. Bxh4 Rxa7 46. Rxa7+ Kxa7 47. Kd3 Nb5 48. Be7 Kb6 49. Kc4 Kc6 50. Bf8 Nc7 51. Kd4 Nd5 52. Ke5 Ne3 53. Kxe6 Nf1 54. Kf6 Nxh2 55. Kxg6 Nf1 56. Kxf5 Nxg3+ 57. Ke6 Kc7 58. Ke7 Kc6 59. Bg7 Kd5 60. Be5 1/2-1/2

[Event "RUS-chT Blitz (Women)"]
[Site "Sochi"]
[Date "2022.10.17"]
[Round "6.3"]
[White "Garifullina, Leya"]
[Black "Gritsayeva, Oksana"]
[Result "1-0"]
[WhiteElo "2367"]
[BlackElo "2292"]
[PlyCount "55"]
[EventDate "2022.10.17"]
[EventType "team-swiss (blitz)"]
[EventRounds "11"]
[EventCountry "RUS"]
[SourceTitle "CBM 210 Extra"]
[Source "ChessBase"]
[SourceDate "2022.11.30"]
[SourceVersion "1"]
[SourceVersionDate "2022.11.30"]
[SourceQuality "1"]
[WhiteTeam "Yugra (W)"]
[BlackTeam "Krym Kimmeriya (W)"]
[WhiteTeamCountry "RUS"]
[BlackTeamCountry "RUS"]

1. e4 c6 2. d4 d5 3. e5 Bf5 4. Nf3 e6 5. Be2 Nd7 6. 0-0 h6 7. Nbd2 a6 8. a3 g5 9. Nb3 Ne7 10. Ne1 Bg7 11. f4 gxf4 12. Bxf4 Bg6 13. Bh5 Bxh5 14. Qxh5 Ng6 15. Be3 Qe7 16. Nd3 0-0-0 17. Nbc5 Nxc5 18. Nxc5 Rhf8 19. b4 Qh4 20. Qe2 Nxe5 21. dxe5 Bxe5 22. h3 Qg3 23. Qf3 Qh2+ 24. Kf2 Bxa1 25. Bf4 Bd4+ 26. Ke2 Be5 27. Bxh2 Bxh2 28. g3 1-0

[Event "RUS-chT Blitz (Women)"]
[Site "Sochi"]
[Date "2022.10.17"]
[Round "7.7"]
[White "Gritsayeva, Oksana"]
[Black "Badelka, Olga"]
[Result "0-1"]
[WhiteElo "2292"]
[BlackElo "2416"]
[PlyCount "78"]
[EventDate "2022.10.17"]
[EventType "team-swiss (blitz)"]
[EventRounds "11"]
[EventCountry "RUS"]
[SourceTitle "CBM 210 Extra"]
[Source "ChessBase"]
[SourceDate "2022.11.30"]
[SourceVersion "1"]
[SourceVersionDate "2022.11.30"]
[SourceQuality "1"]
[WhiteTeam "Krym Kimmeriya (W)"]
[BlackTeam "Cheliabinsk Yuzhnyy Ural (W)"]
[WhiteTeamCountry "RUS"]
[BlackTeamCountry "RUS"]

1. e4 e5 2. Nf3 Nc6 3. Nc3 Nf6 4. Bb5 Bd6 5. 0-0 0-0 6. d3 a6 7. Bc4 h6 8. a3 b5 9. Bb3 Na5 10. Ba2 c5 11. h3 Bc7 12. Be3 d6 13. Nh2 Be6 14. f4 Bxa2 15. Rxa2 exf4 16. Bxf4 Nc6 17. Nd5 Nxd5 18. exd5 Ne7 19. c4 Ng6 20. Bg3 Qg5 21. Qf3 Rae8 22. Bf4 Nxf4 23. Qxf4 Qxf4 24. Rxf4 Re2 25. Rf2 Rfe8 26. b3 Rxa2 27. Rxa2 Re1+ 28. Kf2 Rb1 29. cxb5 axb5 30. a4 Rxb3 31. Ke2 b4 32. Nf3 Ra3 33. Rc2 Rxa4 34. d4 b3 35. Rb2 c4 36. Kd2 Ba5+ 37. Kc1 Bc3 38. Rb1 Ra2 39. g4 Rf2 0-1

[Event "RUS-ch Rapid (Women)"]
[Site "Sochi"]
[Date "2022.10.16"]
[Round "10"]
[White "Gritsayeva, Oksana"]
[Black "Tomilova, Elena"]
[Result "1-0"]
[WhiteElo "2292"]
[BlackElo "2207"]
[PlyCount "75"]
[EventDate "2022.10.15"]
[EventType "swiss (rapid)"]
[EventRounds "11"]
[EventCountry "RUS"]
[SourceTitle "CBM 210 Extra"]
[Source "ChessBase"]
[SourceDate "2022.11.30"]
[SourceVersion "1"]
[SourceVersionDate "2022.11.30"]
[SourceQuality "1"]

1. e4 e6 2. d4 d5 3. Nd2 Nc6 4. Bb5 Bd7 5. Ngf3 a6 6. Bd3 Nb4 7. Be2 dxe4 8. Nxe4 Bc6 9. Nc3 Nf6 10. 0-0 Nbd5 11. Nxd5 Bxd5 12. c4 Be4 13. Ne5 Be7 14. f3 Bg6 15. Be3 0-0 16. Qb3 Rb8 17. Rfd1 c6 18. a4 Nd7 19. Nxg6 fxg6 20. c5 Rf6 21. Bc4 Nf8 22. Qa2 h6 23. Bf2 b5 24. axb5 axb5 25. Bb3 Kh7 26. Bg3 Rb7 27. Qa8 Qd7 28. Ra6 Rf5 29. Rb6 Ra7 30. Qxc6 e5 31. Bxe5 Qxc6 32. Rxc6 Nd7 33. Rc7 Rxc7 34. Bxc7 Nf6 35. Be6 Rh5 36. g4 Rh4 37. Bg3 g5 38. b4 1-0

[Event "RUS-ch Rapid (Women)"]
[Site "Sochi"]
[Date "2022.10.16"]
[Round "11"]
[White "Voit, Daria"]
[Black "Gritsayeva, Oksana"]
[Result "1-0"]
[WhiteElo "2347"]
[BlackElo "2292"]
[PlyCount "91"]
[EventDate "2022.10.15"]
[EventType "swiss (rapid)"]
[EventRounds "11"]
[EventCountry "RUS"]
[SourceTitle "CBM 210 Extra"]
[Source "ChessBase"]
[SourceDate "2022.11.30"]
[SourceVersion "1"]
[SourceVersionDate "2022.11.30"]
[SourceQuality "1"]

1. d4 g6 2. e4 Bg7 3. Nc3 d5 4. exd5 Nf6 5. Bb5+ Nbd7 6. Bg5 0-0 7. Qf3 Nb6 8. Bxf6 Bxf6 9. Nge2 Bf5 10. 0-0-0 a6 11. Bd3 Bxd3 12. Rxd3 Bg7 13. Ng3 Qd7 14. Nge4 Rad8 15. Nc5 Qc8 16. Re1 Rfe8 17. b3 Nd7 18. N3e4 b6 19. Nxd7 Qxd7 20. c4 b5 21. Nc5 Qd6 22. Kc2 Qb6 23. Qe3 Qa5 24. Qd2 Qxa2+ 25. Kd1 Qxd2+ 26. Kxd2 bxc4 27. bxc4 Rd6 28. Ke3 Rb8 29. Ra1 Rb4 30. Ne4 Rd8 31. Nd2 Rb6 32. c5 Rb7 33. Rxa6 Rxd5 34. Ra8+ Bf8 35. Rb3 Rxb3+ 36. Nxb3 f5 37. f4 g5 38. g3 gxf4+ 39. gxf4 Kf7 40. Rc8 Rd7 41. c6 Rd6 42. Rxc7 Rh6 43. Kd3 Rxh2 44. Rc8 Rb2 45. Nc5 Rb6 46. Rxf8+ 1-0

[Event "RUS-ch Higher League (Women) 72nd"]
[Site "Obninsk"]
[Date "2022.07.02"]
[Round "6"]
[White "Shukhman, Anna"]
[Black "Gritsayeva, Oksana"]
[Result "1/2-1/2"]
[WhiteElo "2121"]
[BlackElo "2309"]
[PlyCount "83"]
[EventDate "2022.06.26"]
[EventType "swiss"]
[EventRounds "9"]
[EventCountry "RUS"]
[SourceTitle "CBM 209 Extra"]
[Source "ChessBase"]
[SourceDate "2022.09.30"]
[SourceVersion "1"]
[SourceVersionDate "2022.09.30"]
[SourceQuality "1"]

1. e4 c6 2. d4 d5 3. f3 e6 4. Nc3 Bb4 5. Bd2 dxe4 6. Nxe4 Be7 7. Bc3 Nf6 8. Bd3 Nd5 9. Bd2 Nb4 10. Be2 Qxd4 11. c3 Nd3+ 12. Kf1 Qd8 13. Be3 Ne5 14. Qxd8+ Kxd8 15. Rd1+ Nbd7 16. h4 f6 17. f4 Ng6 18. h5 Ngf8 19. h6 g6 20. Nf3 Kc7 21. c4 b6 22. Bd4 Rg8 23. Bd3 c5 24. Bc3 Bb7 25. Kf2 Bxe4 26. Bxe4 Rd8 27. a3 Nb8 28. b4 Rxd1 29. Rxd1 Nc6 30. b5 Nd8 31. a4 Nf7 32. a5 Nxh6 33. axb6+ axb6 34. Ra1 Nd7 35. Ra7+ Kc8 36. Nd2 Rd8 37. Nb3 f5 38. Bc6 Bf6 39. Na5 Bxc3 40. Bb7+ Kc7 41. Bc6+ Kc8 42. Bb7+ 1/2-1/2

[Event "RUS-chT Rapid (Women)"]
[Site "Sochi"]
[Date "2021.10.15"]
[Round "2.1"]
[White "Gritsayeva, Oksana"]
[Black "Dimitrova, Aleksandra"]
[Result "0-1"]
[WhiteElo "2296"]
[BlackElo "2197"]
[PlyCount "140"]
[EventDate "2021.10.15"]
[EventType "team-swiss (rapid)"]
[EventRounds "9"]
[EventCountry "RUS"]
[SourceTitle "CBM 204 Extra"]
[Source "ChessBase"]
[SourceDate "2021.11.30"]
[SourceVersion "1"]
[SourceVersionDate "2021.11.30"]
[SourceQuality "1"]
[WhiteTeam "Krym Kimmeriya (W)"]
[BlackTeam "Moscow SSh Yunost (W)"]
[WhiteTeamCountry "RUS"]
[BlackTeamCountry "RUS"]

1. e4 c5 2. Nf3 Nc6 3. Bb5 Nf6 4. Bxc6 dxc6 5. d3 Bg4 6. Nbd2 Nd7 7. h3 Bh5 8. Nc4 f6 9. Bd2 e5 10. a3 Be7 11. b4 Bf7 12. Ne3 g6 13. Qe2 Nf8 14. g3 Ne6 15. c3 cxb4 16. axb4 a5 17. 0-0 axb4 18. cxb4 0-0 19. Nc4 Nd4 20. Nxd4 Qxd4 21. Rxa8 Rxa8 22. Be3 Qc3 23. Bd2 Qb3 24. Na5 Qb2 25. Qe1 Rd8 26. Qc1 Qxc1 27. Rxc1 Rxd3 28. Be3 Rd7 29. Bc5 Bd8 30. Be3 Be6 31. h4 Bg4 32. Kg2 Be2 33. f3 Ba6 34. Kf2 Be7 35. Bc5 Bxc5+ 36. bxc5 Rd2+ 37. Kg1 Ra2 38. Nc4 Bxc4 39. Rxc4 Rb2 40. Rc3 Kf7 41. g4 h5 42. gxh5 gxh5 43. Kf1 Ke6 44. Ke1 f5 45. Kf1 fxe4 46. fxe4 Rh2 47. Rb3 Rxh4 48. Rb4 Rf4+ 49. Ke2 h4 50. Ke3 Rf7 51. Rb2 h3 52. Rh2 Rh7 53. Kf2 Kf6 54. Kg1 Rh4 55. Rf2+ Rf4 56. Re2 Kg5 57. Kh2 Kg4 58. Rb2 Rf7 59. Rb3 Kf4 60. Rb4 Rh7 61. Rc4 Ke3 62. Rb4 Kd3 63. Ra4 Kc3 64. Kg1 h2+ 65. Kh1 Kb3 66. Ra8 Kc4 67. Ra5 Kd4 68. Ra4+ Kxc5 69. Ra5+ b5 70. Rxb5+ cxb5 0-1

[Event "RUS-ch Higher League (Women) 71st"]
[Site "Cheboksary"]
[Date "2021.07.05"]
[Round "9"]
[White "Gritsayeva, Oksana"]
[Black "Kovalevskaya, Ekaterina"]
[Result "0-1"]
[WhiteElo "2332"]
[BlackElo "2382"]
[PlyCount "204"]
[EventDate "2021.06.26"]
[EventType "swiss"]
[EventRounds "9"]
[EventCountry "RUS"]
[SourceTitle "CBM 203 Extra"]
[Source "ChessBase"]
[SourceDate "2021.09.30"]
[SourceVersion "1"]
[SourceVersionDate "2021.09.30"]
[SourceQuality "1"]

1. e4 c5 2. Nf3 Nc6 3. Bb5 d6 4. Bxc6+ bxc6 5. 0-0 Bg4 6. h3 Bh5 7. e5 e6 8. exd6 Bxd6 9. d3 Ne7 10. Nbd2 0-0 11. Ne4 Bc7 12. Ng3 Bg6 13. Be3 Qd5 14. c4 Qxd3 15. Bxc5 Rfe8 16. Qa4 Bxg3 17. fxg3 Qd7 18. g4 Qc7 19. Rad1 h5 20. gxh5 Bxh5 21. Qa3 Nf5 22. Rd3 Red8 23. Rfd1 Bxf3 24. Rxd8+ Rxd8 25. Rxd8+ Qxd8 26. Qxf3 Qd2 27. Qf2 Qc1+ 28. Kh2 Qxc4 29. b3 Qd5 30. Bxa7 Qd6+ 31. g3 Qd3 32. g4 Nd6 33. Qd4 Qe2+ 34. Qf2 Qd3 35. Qd4 Qe2+ 36. Qf2 Qe5+ 37. Qg3 Qa5 38. Qxd6 Qxa2+ 39. Kg3 Qxa7 40. Qd8+ Kh7 41. Qh4+ Kg8 42. Qd8+ Kh7 43. Qh4+ Kg6 44. Qh5+ Kf6 45. Qh4+ Ke5 46. Qg5+ f5 47. Kf3 Qd7 48. gxf5 exf5 49. Qg6 Qd5+ 50. Ke2 Qe4+ 51. Kd2 Qd4+ 52. Kc2 Qd7 53. Qg5 Ke4 54. Qg2+ Kf4 55. Qf2+ Ke5 56. Qe1+ Kf6 57. Qh4+ Kg6 58. Kc3 Qd6 59. Qe1 Kf6 60. Qh4+ Kf7 61. Qh5+ Qg6 62. Qf3 Qf6+ 63. Kc4 Ke7 64. Qf4 Qe6+ 65. Kc3 Kf6 66. Qh4+ Kg6 67. Qg3+ Kh7 68. Qf3 Kh6 69. Kd4 Qd6+ 70. Kc4 g6 71. h4 Qe6+ 72. Kc5 Qe5+ 73. Kb6 Qb5+ 74. Kc7 Qe5+ 75. Kb7 Qe4 76. Qg3 Kh7 77. Qc7+ Kg8 78. Qd8+ Kg7 79. Kc7 Qd5 80. Qg5 Kf7 81. Qh6 c5 82. Qh7+ Kf6 83. Qh8+ Kf7 84. Qh7+ Kf8 85. Qh6+ Ke7 86. Qg7+ Qf7 87. Qe5+ Kf8+ 88. Kd6 Kg8 89. Kxc5 f4 90. b4 f3 91. Qe1 f2 92. Qf1 Qe7+ 93. Kc6 Qe4+ 94. Kd6 Qxb4+ 95. Kd7 Qd2+ 96. Kc6 Qf4 97. h5 gxh5 98. Kc5 Kf8 99. Kd5 Kf7 100. Kc6 h4 101. Kd7 h3 102. Qxh3 f1Q 0-1

[Event "RUS-ch Higher League (Women) 71st"]
[Site "Cheboksary"]
[Date "2021.07.03"]
[Round "7"]
[White "Gritsayeva, Oksana"]
[Black "Grigorieva, Yulia"]
[Result "0-1"]
[WhiteElo "2332"]
[BlackElo "2143"]
[PlyCount "86"]
[EventDate "2021.06.26"]
[EventType "swiss"]
[EventRounds "9"]
[EventCountry "RUS"]
[SourceTitle "CBM 203 Extra"]
[Source "ChessBase"]
[SourceDate "2021.09.30"]
[SourceVersion "1"]
[SourceVersionDate "2021.09.30"]
[SourceQuality "1"]

1. e4 e5 2. Nc3 Nf6 3. f4 d5 4. fxe5 Nxe4 5. Qf3 Nc6 6. Bb5 Nxc3 7. Qxc3 Qh4+ 8. Kf1 Bd7 9. Nf3 Qg4 10. h3 Qg3 11. d4 Nxe5 12. Qb3 c6 13. dxe5 cxb5 14. Be3 Be7 15. Bf2 Qf4 16. Qxd5 Bc6 17. Qd4 Qf5 18. Qd3 Qh5 19. Nd4 Rd8 20. Re1 0-0 21. Qf5 Qh6 22. Be3 Qg6 23. Qf2 Rxd4 24. Bxd4 Bh4 25. Qe2 Bd5 26. b3 Bxe1 27. Kxe1 Rc8 28. Kd1 Be4 29. c3 Bxg2 30. Rh2 Bf3 31. Qxf3 Qb1+ 32. Kd2 Qxa2+ 33. Kd3 Qxh2 34. Qg4 Re8 35. e6 f6 36. Bxf6 Qd6+ 37. Bd4 g6 38. Qg5 Qxe6 39. Qg2 Qf5+ 40. Kd2 Qf4+ 41. Kd3 Qf5+ 42. Kd2 Qe4 43. Qf2 Rf8 0-1

[Event "RUS-ch Higher League (Women) 71st"]
[Site "Cheboksary"]
[Date "2021.06.29"]
[Round "4"]
[White "Borisova, Ekaterina"]
[Black "Gritsayeva, Oksana"]
[Result "0-1"]
[WhiteElo "2304"]
[BlackElo "2332"]
[PlyCount "70"]
[EventDate "2021.06.26"]
[EventType "swiss"]
[EventRounds "9"]
[EventCountry "RUS"]
[SourceTitle "CBM 203 Extra"]
[Source "ChessBase"]
[SourceDate "2021.09.30"]
[SourceVersion "1"]
[SourceVersionDate "2021.09.30"]
[SourceQuality "1"]

1. d4 d5 2. c4 Nc6 3. Nf3 Bg4 4. cxd5 Bxf3 5. gxf3 Qxd5 6. e3 0-0-0 7. Nc3 Qh5 8. f4 Qxd1+ 9. Kxd1 e6 10. Bg2 Nf6 11. Ke2 Nd5 12. Ne4 h6 13. h4 f5 14. Nc5 Nxf4+ 15. Kf3 Bxc5 16. Kxf4 Bd6+ 17. Kf3 e5 18. dxe5 Bxe5 19. Bh3 Kb8 20. h5 Rhf8 21. Rb1 f4 22. exf4 Bxf4 23. Kg2 Bxc1 24. Rhxc1 Rd2 25. Rf1 Ne5 26. Rbe1 Nd3 27. Re7 Nf4+ 28. Kh2 Nxh5 29. Bg4 Nf6 30. Bf5 g5 31. Kg1 Rxb2 32. Rd1 c6 33. Be6 a6 34. Rd6 Ne4 35. Rdd7 Nc5 0-1

[Event "Titled Tuesday intern op 30th June"]
[Site "Chess.com INT"]
[Date "2020.06.30"]
[Round "2"]
[White "Ajay, Karthikeyan"]
[Black "Gritsayeva, Oksana"]
[Result "1-0"]
[WhiteElo "2315"]
[BlackElo "2373"]
[PlyCount "77"]
[EventDate "2020.06.30"]
[EventType "swiss (blitz)"]
[EventRounds "10"]
[EventCountry "USA"]
[SourceTitle "CBM 197 Extra"]
[Source "ChessBase"]
[SourceDate "2020.09.30"]
[SourceVersion "1"]
[SourceVersionDate "2020.09.30"]
[SourceQuality "1"]

1. d4 c5 2. d5 f5 3. c4 g6 4. Nc3 Bg7 5. e4 Bxc3+ 6. bxc3 fxe4 7. Ne2 d6 8. Ng3 Nf6 9. Bh6 Ng4 10. Bg5 h6 11. Bf4 e3 12. Bxe3 Nxe3 13. fxe3 Nd7 14. Bd3 Ne5 15. Qc2 Rg8 16. 0-0 Qa5 17. Rab1 b6 18. Ne2 Bd7 19. Nf4 Ba4 20. Qe2 0-0-0 21. Ne6 Rde8 22. Qd2 Bd7 23. Nf4 Ref8 24. Be2 Qa4 25. e4 Rf6 26. Nd3 Nxc4 27. Qxh6 Qxa2 28. Bf3 Qd2 29. Qh7 Rgf8 30. Nf2 R8f7 31. Qh8+ Rf8 32. Qg7 Qxc3 33. Qxe7 Nd2 34. e5 Nxf3+ 35. gxf3 Rxf3 36. e6 Bb5 37. Qxa7 Bxf1 38. Qd7+ Kb8 39. Rxb6+ 1-0

[Event "Titled Tuesday intern op 30th June"]
[Site "Chess.com INT"]
[Date "2020.06.30"]
[Round "1"]
[White "Romanov, Evgeny"]
[Black "Gritsayeva, Oksana"]
[Result "1-0"]
[WhiteElo "2599"]
[BlackElo "2373"]
[PlyCount "71"]
[EventDate "2020.06.30"]
[EventType "swiss (blitz)"]
[EventRounds "10"]
[EventCountry "USA"]
[SourceTitle "CBM 197 Extra"]
[Source "ChessBase"]
[SourceDate "2020.09.30"]
[SourceVersion "1"]
[SourceVersionDate "2020.09.30"]
[SourceQuality "1"]

1. c4 g6 2. e4 Bg7 3. d4 e6 4. Nc3 Ne7 5. Be3 d5 6. Nf3 dxe4 7. Nxe4 0-0 8. Qd2 Nf5 9. Bg5 f6 10. Be3 Nxe3 11. Qxe3 f5 12. Nc3 c5 13. dxc5 f4 14. Qe4 Qa5 15. Bd3 Bxc3+ 16. bxc3 Qxc3+ 17. Ke2 Qb2+ 18. Nd2 Na6 19. Rhb1 Qa3 20. c6 Nc5 21. Qf3 Rd8 22. Be4 Qxf3+ 23. Bxf3 bxc6 24. Bxc6 Ba6 25. Bxa8 Rxa8 26. Rb4 Kf7 27. Nb3 Ne4 28. Kf3 Nd6 29. Kxf4 Nxc4 30. Rc1 Nd6 31. Rc7+ Kf6 32. Nc5 g5+ 33. Ke3 Nf5+ 34. Kd2 Rd8+ 35. Ke1 Rd6 36. Ne4+ 1-0

[Event "Titled Tuesday intern op 30th June"]
[Site "Chess.com INT"]
[Date "2020.06.30"]
[Round "6"]
[White "Thejkumar, MS."]
[Black "Gritsayeva, Oksana"]
[Result "0-1"]
[WhiteElo "2433"]
[BlackElo "2373"]
[PlyCount "44"]
[EventDate "2020.06.30"]
[EventType "swiss (blitz)"]
[EventRounds "10"]
[EventCountry "USA"]
[SourceTitle "CBM 197 Extra"]
[Source "ChessBase"]
[SourceDate "2020.09.30"]
[SourceVersion "1"]
[SourceVersionDate "2020.09.30"]
[SourceQuality "1"]

1. d4 c5 2. d5 f5 3. Nf3 g6 4. h4 Nf6 5. Bg5 Bg7 6. c3 Qb6 7. Bxf6 Qxf6 8. Nbd2 0-0 9. e3 d6 10. Be2 Nd7 11. a4 Nb6 12. Nb3 a5 13. Bb5 h6 14. Nc1 Qf7 15. h5 g5 16. c4 Bxb2 17. Rb1 Bc3+ 18. Kf1 e5 19. dxe6 Bxe6 20. Ne2 Bg7 21. Qxd6 Nxc4 22. Qxc5 Rfc8 0-1

[Event "Titled Tuesday intern op 23rd June"]
[Site "Chess.com INT"]
[Date "2020.06.23"]
[Round "7"]
[White "Gritsayeva, Oksana"]
[Black "Gabdrakhmanov, Azat"]
[Result "0-1"]
[WhiteElo "2373"]
[BlackElo "2328"]
[PlyCount "88"]
[EventDate "2020.06.23"]
[EventType "swiss (blitz)"]
[EventRounds "10"]
[EventCountry "USA"]
[SourceTitle "CBM 197 Extra"]
[Source "ChessBase"]
[SourceDate "2020.09.30"]
[SourceVersion "1"]
[SourceVersionDate "2020.09.30"]
[SourceQuality "1"]

1. e4 c5 2. Nf3 e6 3. c3 d5 4. exd5 Qxd5 5. d4 Nf6 6. Na3 a6 7. Nc4 Nbd7 8. Ne3 Qc6 9. Be2 Bd6 10. 0-0 0-0 11. c4 cxd4 12. Qxd4 b6 13. Ng5 Qc7 14. Qh4 h6 15. Nf3 Bb7 16. Rd1 Rad8 17. Bd2 Ne5 18. Nxe5 Bxe5 19. Rac1 Bxb2 20. Rb1 Bd4 21. Bb4 Bc5 22. Bc3 Ne4 23. Ba1 Be7 24. Qh3 Bf6 25. Ng4 Bxa1 26. Rxa1 f5 27. Ne3 Nc3 28. Re1 Rd2 29. Bf3 Bxf3 30. gxf3 Ne2+ 31. Kh1 Qf4 32. Ng2 Qd4 33. Ne3 Qf4 34. Ng2 Qd6 35. Qh4 Qd4 36. Qxd4 Nxd4 37. Nf4 Nxf3 38. Re2 Rxe2 39. Nxe2 Rd8 40. Nf4 Rd2 41. Kg2 Nd4 42. Rb1 g5 43. Nh3 b5 44. cxb5 axb5 0-1